Top 30 Baby Keem Songs - Statistics

General Stats
  • This quiz has been taken 20 times
  • The average score is 17 of 30
Answer Stats
# Song Rating % Correct
1. family ties 94
100%
3. HONEST 89
82%
7. ORANGE SODA 87
82%
4. 16 88
76%
8. Ca$ino 86
76%
13. range brothers 82
76%
22. Dramatic Girl 78
71%
17. vent 81
71%
26. House Money 77
65%
18. APOLOGIZE 80
59%
21. Baby Keem 78
59%
12. hooligan 83
59%
24. lost souls 77
59%
5. STATS 87
59%
6. trademark usa 87
59%
19. highway 95 79
53%
20. MOSHPIT 79
53%
30. Highway 95 pt.2 76
47%
9. I am not a Lyricist 86
47%
27. issues 77
47%
11. killstreaks 83
47%
10. leavemealone 83
47%
14. No Blame 82
47%
28. No Security 76
47%
23. bank account 78
41%
29. FRANCE FREESTYLE 76
41%
25. ROCKSTAR P 77
41%
15. scars 81
41%
16. Circus Circus Free$tyle 81
35%
2. Savior 90
29%
No matching quizzes found
Score Distribution
Percent of People with Each Score
Percentile by Number Answered
Your Score History
You have not taken this quiz